Statistics for Pittsburgh Penguins Captains

Click here to take the quiz!

General Stats

  • This quiz has been taken 98 times
  • The average score is 7 of 16

Answer Stats

YearsAnswer% Correct
2008-CurrentSidney Crosby
100%
1988-94Mario Lemieux
95%
1996-97Mario Lemieux
95%
2002-06Mario Lemieux
95%
1999-01Jaromir Jagr
89%
1995Ron Francis
51%
1998Ron Francis
51%
1978Jean Pronovost
25%
1968Ab McDonald
16%
1985-87Mike Bullard
14%
1982-84Randy Carlyle
14%
1974-77Ron Schock
11%
1987Terry Ruskowski
10%
1988Dan Frawley
8%
1969Earl Ingarfield
8%
1979-81Orest Kindrachuk
8%

Score Distribution

Percentile by Number Answered

Percent of People with Each Score

Your Score History

You have not taken this quiz